[Event "Alsace-Baden"]
[Site "Strasbourg"]
[Date "2015.09.13"]
[Round "?.24"]
[White "Laverdet, Tristan"]
[Black "Ohnmacht, Simon"]
[Result "1/2-1/2"]
[WhiteElo "2051"]
[BlackElo "1878"]
[PlyCount "112"]
[EventDate "2015.09.13"]
[EventType "team-match"]
[EventRounds "1"]
[EventCountry "FRA"]
[SourceTitle "EXT 2018"]
[Source "ChessBase"]
[SourceDate "2017.10.13"]
[SourceVersion "1"]
[SourceVersionDate "2017.10.13"]
[SourceQuality "1"]
[WhiteTeam "Alsace"]
[BlackTeam "Baden"]
[WhiteTeamCountry "FRA"]
[BlackTeamCountry "GER"]

1. e4 c6 2. d4 d5 3. Nc3 dxe4 4. Nxe4 Nf6 5. Nxf6+ exf6 6. Nf3 Bd6 7. Be2 0-0 8. 0-0 Re8 9. Bd2 Bg4 10. h3 Bh5 11. c4 Nd7 12. Bc3 Qc7 13. Re1 Re7 14. Qc2 Rae8 15. Rad1 f5 16. Kf1 g6 17. a3 Nf6 18. d5 Ne4 19. dxc6 bxc6 20. Nd4 Bc5 21. g3 Nxc3 22. bxc3 Bxe2+ 23. Nxe2 Bxa3 24. Nd4 f4 25. g4 Bc5 26. Qa4 Rxe1+ 27. Rxe1 Rxe1+ 28. Kxe1 Qe5+ 29. Kf1 Bxd4 30. cxd4 Qe4 31. Qxa7 f3 32. Qb8+ Kg7 33. Qb2 Qd3+ 34. Ke1 Qxc4 35. d5+ Kh6 36. Qd2+ g5 37. dxc6 Qxc6 38. Kf1 f6 39. Kg1 Qe4 40. Qe3 Qa8 41. Qc3 Kg6 42. Qd3+ Kg7 43. Qd7+ Kh6 44. Qd4 Qc6 45. Qe3 Kg6 46. Qd3+ Kg7 47. Qe3 Kh6 48. Qa3 Kg6 49. Qd3+ Kg7 50. Qe3 Qb7 51. Qd3 Kh6 52. Qd8 Kg7 53. Qd3 Qc6 54. Qe3 Qb7 55. Qd3 Qc6 56. Qe3 Qb7 1/2-1/2

[Event "Baden-ch op U2000 "]
[Site "Emmendingen"]
[Date "2012.06.10"]
[Round "6"]
[White "Ciolek, Florian"]
[Black "Ohnmacht, Simon"]
[Result "1/2-1/2"]
[WhiteElo "1963"]
[BlackElo "1878"]
[PlyCount "56"]
[EventDate "2012.06.07"]
[EventType "swiss"]
[EventRounds "7"]
[EventCountry "GER"]
[SourceTitle "EXT 2013"]
[Source "ChessBase"]
[SourceDate "2012.11.22"]
[SourceVersion "1"]
[SourceVersionDate "2012.11.22"]
[SourceQuality "1"]

1. e4 d5 2. exd5 Nf6 3. d4 Nxd5 4. Nf3 Bg4 5. Be2 e6 6. 0-0 Be7 7. c4 Nf6 8. Be3 c6 9. Nc3 Nbd7 10. h3 Bxf3 11. Bxf3 Nb6 12. Qb3 Qc7 13. Rfd1 0-0 14. Rac1 Rfd8 15. g3 Rd7 16. a4 Rad8 17. Bf4 Qc8 18. a5 Na8 19. d5 Bd6 20. Bxd6 Rxd6 21. c5 R6d7 22. d6 b6 23. axb6 axb6 24. Qa4 bxc5 25. Bxc6 Rxd6 26. Rxd6 Rxd6 27. Bxa8 Ra6 28. Qc4 Rxa8 1/2-1/2

[Event "Baden-ch U18"]
[Site "Karlsruhe Durlach"]
[Date "2012.01.05"]
[Round "7"]
[White "Ohnmacht, Simon"]
[Black "Hennrich, Timo"]
[Result "1-0"]
[WhiteElo "1816"]
[BlackElo "1790"]
[PlyCount "63"]
[EventDate "2012.01.02"]
[EventType "swiss"]
[EventRounds "7"]
[EventCountry "GER"]
[SourceTitle "EXT 2015"]
[Source "ChessBase"]
[SourceDate "2014.11.20"]
[SourceVersion "1"]
[SourceVersionDate "2014.11.20"]
[SourceQuality "1"]

1. Na3 e5 2. e4 Nf6 3. d3 Nc6 4. Bg5 h6 5. Bh4 Bxa3 6. bxa3 d6 7. Nf3 Bg4 8. Be2 Qe7 9. Rb1 0-0-0 10. c3 g5 11. Bg3 Bxf3 12. Bxf3 h5 13. h4 Rdg8 14. hxg5 Rxg5 15. Bh4 Rgg8 16. Bxh5 Qe6 17. Bxf6 Qxf6 18. Bg4+ Kb8 19. Rxh8 Rxh8 20. Bh3 Ne7 21. Qg4 Ng6 22. g3 Ne7 23. Ke2 d5 24. Bg2 d4 25. cxd4 exd4 26. Rxb7+ Ka8 27. Rxc7 Qe5 28. Qd7 Qh5+ 29. Bf3 Qa5 30. e5+ Nd5 31. Bxd5+ Qxd5 32. Rc8+ 1-0

[Event "Baden-ch U18"]
[Site "Karlsruhe Durlach"]
[Date "2012.01.04"]
[Round "6"]
[White "Cofman, Veaceslav"]
[Black "Ohnmacht, Simon"]
[Result "1-0"]
[WhiteElo "2104"]
[BlackElo "1816"]
[PlyCount "93"]
[EventDate "2012.01.02"]
[EventType "swiss"]
[EventRounds "7"]
[EventCountry "GER"]
[SourceTitle "EXT 2015"]
[Source "ChessBase"]
[SourceDate "2014.11.20"]
[SourceVersion "1"]
[SourceVersionDate "2014.11.20"]
[SourceQuality "1"]

1. d4 d5 2. c4 c6 3. cxd5 cxd5 4. Nc3 Nc6 5. Nf3 Nf6 6. e3 e6 7. Bd3 Bd6 8. 0-0 0-0 9. e4 dxe4 10. Nxe4 Be7 11. Nxf6+ Bxf6 12. Be3 Qd5 13. Qc2 g6 14. Bc4 Qd6 15. Rfd1 Nb4 16. Qb3 Nd5 17. Rac1 b6 18. Bxd5 Qxd5 19. Qxd5 exd5 20. h3 Ba6 21. Rc6 Be7 22. Ne5 Rfc8 23. Rdc1 Rxc6 24. Rxc6 Rc8 25. Bf4 Kf8 26. b4 Bxb4 27. Rf6 Kg8 28. Bh6 Rc7 29. Ng4 Be2 30. Bf4 Re7 31. Ne3 Bc4 32. Rc6 Bb5 33. Rc8+ Re8 34. Rxe8+ Bxe8 35. Nxd5 Ba3 36. Bb8 Kf8 37. Bxa7 b5 38. Bc5+ Bxc5 39. dxc5 f5 40. f4 Bf7 41. Nb4 Ke7 42. Kf2 Bc4 43. g3 Kd7 44. Ke3 Ke7 45. Kd4 Ke6 46. a4 Bf1 47. a5 1-0

[Event "Baden-ch op U2000"]
[Site "Haslach im Kinzigtal"]
[Date "2010.06.05"]
[Round "6"]
[White "Wuerfel, Christian"]
[Black "Ohnmacht, Simon"]
[Result "1/2-1/2"]
[WhiteElo "1839"]
[BlackElo "1883"]
[PlyCount "48"]
[EventDate "2010.05.31"]
[EventType "swiss"]
[EventRounds "7"]
[EventCountry "GER"]
[SourceTitle "EXT 2011"]
[Source "ChessBase"]
[SourceDate "2010.11.26"]
[SourceVersion "1"]
[SourceVersionDate "2010.11.26"]
[SourceQuality "1"]

1. c4 Nf6 2. Nc3 g6 3. e4 d6 4. d4 Bg7 5. f3 0-0 6. Be3 Nbd7 7. Qd2 c6 8. Bd3 a6 9. Nge2 b5 10. a3 bxc4 11. Bxc4 c5 12. Bh6 cxd4 13. Nxd4 Qb6 14. Bxg7 Kxg7 15. Na4 Qb7 16. b4 Ne5 17. Rc1 Nxc4 18. Rxc4 Bd7 19. Nb2 Bb5 20. Nxb5 axb5 21. Rc3 Rfc8 22. Ke2 Rxc3 23. Qxc3 Rc8 24. Qd3 Qc6 1/2-1/2

[Event "Baden-ch op U2000"]
[Site "Haslach im Kinzigtal"]
[Date "2010.06.02"]
[Round "3"]
[White "Ohnmacht, Simon"]
[Black "Eisenbeis, Norman"]
[Result "1/2-1/2"]
[WhiteElo "1883"]
[BlackElo "2106"]
[PlyCount "38"]
[EventDate "2010.05.31"]
[EventType "swiss"]
[EventRounds "7"]
[EventCountry "GER"]
[SourceTitle "EXT 2011"]
[Source "ChessBase"]
[SourceDate "2010.11.26"]
[SourceVersion "1"]
[SourceVersionDate "2010.11.26"]
[SourceQuality "1"]

1. e4 c6 2. d4 d5 3. e5 Bf5 4. Bd3 Bxd3 5. Qxd3 e6 6. Nf3 Qa5+ 7. Nbd2 Qa6 8. Qxa6 Nxa6 9. c3 c5 10. Nb3 Rc8 11. Be3 cxd4 12. Nfxd4 Nc5 13. Nxc5 Bxc5 14. Nb5 a6 15. Bxc5 axb5 16. Bd4 Ne7 17. Ke2 Nc6 18. Rhd1 Kd7 19. h3 Na5 1/2-1/2

[Event "Baden-ch op U2000"]
[Site "Haslach im Kinzigtal"]
[Date "2010.06.01"]
[Round "2"]
[White "Manz, Andreas"]
[Black "Ohnmacht, Simon"]
[Result "1-0"]
[WhiteElo "1838"]
[BlackElo "1883"]
[PlyCount "73"]
[EventDate "2010.05.31"]
[EventType "swiss"]
[EventRounds "7"]
[EventCountry "GER"]
[SourceTitle "EXT 2011"]
[Source "ChessBase"]
[SourceDate "2010.11.26"]
[SourceVersion "1"]
[SourceVersionDate "2010.11.26"]
[SourceQuality "1"]

1. e4 d5 2. exd5 Nf6 3. c4 c6 4. Qa4 Bd7 5. Qb3 Qc7 6. Nc3 cxd5 7. cxd5 g6 8. Nf3 Bg7 9. Bc4 0-0 10. 0-0 a6 11. a4 Bf5 12. Re1 Nbd7 13. d4 Nb6 14. Bf1 Rfd8 15. Bg5 Nfxd5 16. a5 Be6 17. axb6 Nxb6 18. Qb4 Rd7 19. Rac1 Qd8 20. Be3 Nd5 21. Nxd5 Bxd5 22. Ne5 Rd6 23. Rc5 e6 24. Rec1 Rb6 25. Qc3 Bxe5 26. dxe5 Rc6 27. Rxc6 Bxc6 28. Qd2 Bd5 29. Bg5 Qd7 30. Bf6 Qe8 31. Rc3 Qf8 32. Qg5 h6 33. Qf4 Kh7 34. Rh3 Rc8 35. Bg5 h5 36. g4 a5 37. gxh5 1-0

[Event "Stuttgart-chB int"]
[Site "Ditzingen"]
[Date "2010.05.15"]
[Round "5"]
[White "Ohnmacht, Simon"]
[Black "Helfrich, Leo"]
[Result "0-1"]
[WhiteElo "1883"]
[BlackElo "1701"]
[PlyCount "144"]
[EventDate "2010.05.13"]
[EventType "swiss"]
[EventRounds "7"]
[EventCountry "GER"]
[SourceTitle "EXT 2018"]
[Source "ChessBase"]
[SourceDate "2017.10.13"]
[SourceVersion "1"]
[SourceVersionDate "2017.10.13"]
[SourceQuality "1"]

1. e4 d6 2. d4 g6 3. Be3 Bg7 4. Nc3 Nf6 5. Qd2 c6 6. f3 Qa5 7. Bc4 Nbd7 8. a3 b5 9. Ba2 Nb6 10. Bh6 Bxh6 11. Qxh6 Nc4 12. Bxc4 bxc4 13. Nge2 Rb8 14. Rb1 Qh5 15. Qe3 Qh4+ 16. g3 Qh5 17. h4 0-0 18. e5 dxe5 19. g4 exd4 20. Qxd4 Qa5 21. Qxc4 Ba6 22. Qa4 Qb6 23. Qd4 c5 24. Qe3 Qc6 25. Kf2 Bb7 26. Rbg1 Bc8 27. b3 Bxg4 28. fxg4 Qxh1 29. Rxh1 Nxg4+ 30. Kf3 Nxe3 31. Kxe3 a5 32. Ne4 c4 33. bxc4 Rb2 34. Rd1 Rxc2 35. Rd5 Rxc4 36. Rxa5 f5 37. Ng5 h6 38. Nf3 Re4+ 39. Kf2 Rc8 40. Re5 Ra8 41. Rxe4 fxe4 42. Ne5 Kg7 43. Ke3 Rxa3+ 44. Kxe4 Ra2 45. Nf4 Ra6 46. Kf3 g5 47. Nh5+ Kh7 48. hxg5 hxg5 49. Kg4 Ra5 50. Nf7 e5 51. Nxg5+ Kg6 52. Ne4 Ra3 53. Nhg3 Rb3 54. Nc5 Rc3 55. Nce4 Rc2 56. Nf1 Rc8 57. Nfg3 Rf8 58. Kh3 Rf4 59. Kg2 Kf7 60. Nf2 Rd4 61. Kf3 Ke6 62. Ng4 Rf4+ 63. Ke3 Rxg4 64. Ne4 Rh4 65. Ng5+ Kf5 66. Nf3 Re4+ 67. Kf2 Ra4 68. Ke3 Ra3+ 69. Ke2 Kf4 70. Nd2 e4 71. Ke1 Ra2 72. Nf1 e3 0-1

[Event "Stuttgart-chB int"]
[Site "Ditzingen"]
[Date "2010.05.13"]
[Round "1"]
[White "Ohnmacht, Simon"]
[Black "Trobonjaca, Milos"]
[Result "1-0"]
[WhiteElo "1883"]
[BlackElo "1658"]
[PlyCount "77"]
[EventDate "2010.05.13"]
[EventType "swiss"]
[EventRounds "7"]
[EventCountry "GER"]
[SourceTitle "EXT 2018"]
[Source "ChessBase"]
[SourceDate "2017.10.13"]
[SourceVersion "1"]
[SourceVersionDate "2017.10.13"]
[SourceQuality "1"]

1. e4 c5 2. Nc3 Nc6 3. Nf3 e5 4. Bc4 d6 5. d3 h6 6. h3 Nf6 7. 0-0 Be7 8. Be3 0-0 9. Nd2 Bd7 10. f4 Na5 11. fxe5 dxe5 12. Nd5 b5 13. Nxf6+ Bxf6 14. Bd5 Rc8 15. Nb3 Be7 16. Qh5 Nxb3 17. axb3 Be6 18. Bxe6 fxe6 19. Rxf8+ Qxf8 20. Qxe5 Qf7 21. Rxa7 Rf8 22. Ra1 Qg6 23. Bxc5 Bxc5+ 24. Qxc5 Rf3 25. Kh1 Rf6 26. Qe3 Kh7 27. Qe2 Qg3 28. Rf1 Rg6 29. c4 b4 30. c5 Qg5 31. d4 e5 32. d5 Qe7 33. c6 Qc7 34. Qc4 Rd6 35. Qxb4 Rg6 36. Qb7 Qd8 37. c7 Qg5 38. Rg1 Qg3 39. c8Q 1-0

[Event "Wasselonne op"]
[Site "Wasselonne"]
[Date "2009.08.09"]
[Round "6"]
[White "Schall, Denis"]
[Black "Ohnmacht, Simon"]
[Result "1-0"]
[WhiteElo "2070"]
[BlackElo "1855"]
[PlyCount "39"]
[EventDate "2009.08.06"]
[EventType "swiss"]
[EventRounds "7"]
[EventCountry "FRA"]
[SourceTitle "EXT 2011"]
[Source "ChessBase"]
[SourceDate "2010.11.26"]
[SourceVersion "1"]
[SourceVersionDate "2010.11.26"]
[SourceQuality "1"]

1. e4 d5 2. exd5 Nf6 3. d4 Nxd5 4. c4 Nf6 5. Nf3 Bg4 6. Be2 e6 7. Nc3 c5 8. Be3 cxd4 9. Nxd4 Bxe2 10. Qxe2 Bb4 11. 0-0 Bxc3 12. bxc3 Qc7 13. Nb5 Qc6 14. Nxa7 Qe4 15. Nb5 0-0 16. Rfd1 Nc6 17. Nd6 Qe5 18. Nxb7 Rfb8 19. Nd6 Qxc3 20. Nb5 1-0

[Event "Wasselonne op"]
[Site "Wasselonne"]
[Date "2009.08.08"]
[Round "4"]
[White "Barbanera, Fabrizio"]
[Black "Ohnmacht, Simon"]
[Result "1-0"]
[WhiteElo "2145"]
[BlackElo "1855"]
[PlyCount "83"]
[EventDate "2009.08.06"]
[EventType "swiss"]
[EventRounds "7"]
[EventCountry "FRA"]
[SourceTitle "EXT 2011"]
[Source "ChessBase"]
[SourceDate "2010.11.26"]
[SourceVersion "1"]
[SourceVersionDate "2010.11.26"]
[SourceQuality "1"]

1. e4 d5 2. exd5 Nf6 3. d4 Nxd5 4. c4 Nf6 5. Nf3 Bg4 6. Be2 e6 7. 0-0 c5 8. Nc3 cxd4 9. Nxd4 Bxe2 10. Ndxe2 Nc6 11. Bf4 Bc5 12. a3 0-0 13. Rc1 Qe7 14. b4 Rfd8 15. Qb3 Bd6 16. Bxd6 Rxd6 17. Rfd1 Rad8 18. Rxd6 Rxd6 19. Rd1 Kf8 20. f3 Qd7 21. Rxd6 Qxd6 22. Qd1 Qxd1+ 23. Nxd1 Ke7 24. Kf2 Ne5 25. Nb2 Kd6 26. Ke3 Nc6 27. Nc3 a6 28. c5+ Ke5 29. Nc4+ Kf5 30. Nd6+ Kg6 31. Nxb7 Ne8 32. b5 axb5 33. Nxb5 Nf6 34. Nc3 Nd5+ 35. Nxd5 exd5 36. Nd6 Kf6 37. Ne8+ Kg6 38. Nc7 d4+ 39. Ke4 f5+ 40. Kd3 Kf6 41. f4 Ke7 42. Nb5 1-0

[Event "Wasselonne op"]
[Site "Wasselonne"]
[Date "2009.08.07"]
[Round "2"]
[White "Ottolini, Graziano"]
[Black "Ohnmacht, Simon"]
[Result "0-1"]
[WhiteElo "2100"]
[BlackElo "1855"]
[PlyCount "56"]
[EventDate "2009.08.06"]
[EventType "swiss"]
[EventRounds "7"]
[EventCountry "FRA"]
[SourceTitle "EXT 2011"]
[Source "ChessBase"]
[SourceDate "2010.11.26"]
[SourceVersion "1"]
[SourceVersionDate "2010.11.26"]
[SourceQuality "1"]

1. Nf3 d5 2. d4 Nf6 3. c4 e6 4. Nc3 b6 5. cxd5 exd5 6. Bg5 Be7 7. e3 Bg4 8. Be2 0-0 9. Qb3 c6 10. Ne5 Bxe2 11. Nxe2 Ne4 12. Bxe7 Qxe7 13. Nc3 f6 14. Nxd5 cxd5 15. Qxd5+ Kh8 16. Qxe4 fxe5 17. 0-0 Nd7 18. Rfd1 Qf6 19. f3 exd4 20. exd4 Rfe8 21. Qd3 Qe6 22. Kf2 Nf6 23. d5 Qe5 24. Rac1 Qxb2+ 25. Rc2 Qe5 26. g3 Rad8 27. d6 Rd7 28. Rc4 Rxd6 0-1

[Event "GER-ch U16"]
[Site "Willingen"]
[Date "2009.06.04"]
[Round "7"]
[White "Kahleys, Kevin"]
[Black "Ohnmacht, Simon"]
[Result "0-1"]
[WhiteElo "2006"]
[BlackElo "1876"]
[PlyCount "94"]
[EventDate "2009.05.30"]
[EventType "swiss"]
[EventRounds "9"]
[EventCountry "GER"]
[SourceTitle "CBM 130 Extra"]
[Source "ChessBase"]
[SourceDate "2009.07.02"]
[SourceVersion "2"]
[SourceVersionDate "2009.07.15"]
[SourceQuality "1"]

1. d4 d5 2. c4 c6 3. Nf3 Nf6 4. e3 e6 5. b3 Nbd7 6. Bb2 b6 7. Bd3 Bb7 8. 0-0 Ne4 9. Nbd2 f5 10. Rc1 Be7 11. Qe2 0-0 12. cxd5 exd5 13. Ba6 Qc8 14. Bxb7 Qxb7 15. Ne5 Nxe5 16. dxe5 Rac8 17. Nxe4 fxe4 18. Qg4 Rc7 19. Rc2 Qc8 20. Qg3 Qe6 21. f3 exf3 22. gxf3 g6 23. f4 Qf5 24. Rfc1 Bc5 25. Bd4 Bxd4 26. exd4 Qxf4 27. Qxf4 Rxf4 28. Rxc6 Rxc6 29. Rxc6 Rxd4 30. e6 Re4 31. Kf2 d4 32. Rd6 d3 33. Rxd3 Rxe6 34. Rd7 Rf6+ 35. Ke3 Rf7 36. Rd6 Kg7 37. b4 Kh6 38. b5 Kh5 39. Rd4 g5 40. Ra4 Rc7 41. Kf3 Rc5 42. Rxa7 Rxb5 43. Kg3 Ra5 44. Rxa5 bxa5 45. a4 Kg6 46. h4 Kh5 47. hxg5 Kxg5 0-1

[Event "GER-ch U16"]
[Site "Willingen"]
[Date "2009.06.02"]
[Round "5"]
[White "Cremer, Jan Paul"]
[Black "Ohnmacht, Simon"]
[Result "1-0"]
[WhiteElo "1877"]
[BlackElo "1876"]
[PlyCount "219"]
[EventDate "2009.05.30"]
[EventType "swiss"]
[EventRounds "9"]
[EventCountry "GER"]
[SourceTitle "CBM 130 Extra"]
[Source "ChessBase"]
[SourceDate "2009.07.02"]
[SourceVersion "2"]
[SourceVersionDate "2009.07.15"]
[SourceQuality "1"]

1. e4 e5 2. Nf3 Nc6 3. Bc4 Nf6 4. d3 Bc5 5. c3 d6 6. 0-0 0-0 7. Bb3 Be6 8. Nbd2 d5 9. exd5 Nxd5 10. Re1 Bd6 11. Nc4 Qf6 12. Bg5 Qf5 13. Bc2 f6 14. d4 Qg4 15. Re4 Nf4 16. Bxf4 Bxc4 17. Bxe5 Qd7 18. Bxd6 Qxd6 19. Bb3 Qd5 20. Bc2 Rfe8 21. Nd2 Rxe4 22. Bxe4 Qe6 23. Nxc4 Qxe4 24. Qb3 Qe6 25. Nd2 Qxb3 26. Nxb3 Kf7 27. Re1 Rd8 28. Nc5 b6 29. Na6 Rd7 30. Kf1 Na5 31. Ke2 Nc4 32. Rb1 Nd6 33. Kd3 Nf5 34. g4 Nh4 35. f4 Re7 36. Rf1 Ng2 37. Rf2 Nh4 38. Re2 Rd7 39. Kc4 Ng6 40. Re4 Ne7 41. f5 g6 42. fxg6+ hxg6 43. b4 f5 44. gxf5 gxf5 45. Re5 Kf6 46. Nb8 Rd6 47. b5 Kf7 48. Na6 c6 49. a4 cxb5+ 50. axb5 f4 51. Nb4 f3 52. Kd3 Rh6 53. Ke3 Rxh2 54. Kxf3 Rh3+ 55. Ke4 Rh1 56. Kd3 Nc8 57. Nc6 Ra1 58. Rh5 a6 59. bxa6 Rxa6 60. Rb5 Ra1 61. Ne5+ Ke6 62. Nc4 Ra6 63. Ke4 Nd6+ 64. Nxd6 Kxd6 65. c4 Kc7 66. Kd5 Ra1 67. Rb3 Rh1 68. Rf3 Rh5+ 69. Ke4 Kd6 70. Kd3 Rh1 71. Rf6+ Kc7 72. Rf2 Rh3+ 73. Kc2 Kd6 74. Rd2 Rg3 75. Rd3 Rg1 76. Kb3 Rb1+ 77. Ka4 Ra1+ 78. Ra3 Rd1 79. Kb5 Rxd4 80. Ra6 Kc7 81. Ra7+ Kd6 82. Rb7 Rd1 83. Rxb6+ Kc7 84. Kc5 Rh1 85. Rc6+ Kb7 86. Re6 Rh5+ 87. Kd6 Kb6 88. Kd7+ Kb7 89. Re8 Rh7+ 90. Kd6 Rh6+ 91. Kc5 Rc6+ 92. Kd5 Rh6 93. Re7+ Kc8 94. c5 Rh1 95. Rg7 Rd1+ 96. Kc6 Kd8 97. Rg8+ Ke7 98. Kc7 Rc1 99. c6 Rc2 100. Rb8 Rc1 101. Rb7 Rc2 102. Kb8+ Ke8 103. c7 Rc1 104. c8Q+ Rxc8+ 105. Kxc8 Kf8 106. Kd8 Kg8 107. Ke8 Kh8 108. Kf7 Kh7 109. Rb6 Kh8 110. Rh6# 1-0

[Event "Baden-ch U16"]
[Site "Schoeneck"]
[Date "2009.01.03"]
[Round "4"]
[White "Haag, Gregor"]
[Black "Ohnmacht, Simon"]
[Result "1/2-1/2"]
[WhiteElo "1914"]
[BlackElo "1769"]
[PlyCount "44"]
[EventDate "2009.01.02"]
[EventType "swiss"]
[EventRounds "7"]
[EventCountry "GER"]
[SourceTitle "EXT 2010"]
[Source "ChessBase"]
[SourceDate "2010.11.25"]
[SourceVersion "1"]
[SourceVersionDate "2010.11.25"]
[SourceQuality "1"]

1. Nf3 Nf6 2. d4 d5 3. e3 Bg4 4. c4 c6 5. Nc3 e6 6. Bd2 Nbd7 7. h3 Bh5 8. cxd5 exd5 9. Be2 Bd6 10. 0-0 0-0 11. a3 Bc7 12. b4 Ne4 13. b5 Ndf6 14. bxc6 Bxf3 15. Bxf3 Qd6 16. g3 Nxg3 17. fxg3 Qxg3+ 18. Bg2 Qh2+ 19. Kf2 Qg3+ 20. Kg1 Qh2+ 21. Kf2 Qg3+ 22. Kg1 Qh2+ 1/2-1/2

[Event "Baden-ch U16"]
[Site "Schoeneck"]
[Date "2009.01.02"]
[Round "1"]
[White "Ohnmacht, Simon"]
[Black "Petermann, Michail"]
[Result "1-0"]
[WhiteElo "1769"]
[BlackElo "1986"]
[PlyCount "56"]
[EventDate "2009.01.02"]
[EventType "swiss"]
[EventRounds "7"]
[EventCountry "GER"]
[SourceTitle "EXT 2010"]
[Source "ChessBase"]
[SourceDate "2010.11.25"]
[SourceVersion "1"]
[SourceVersionDate "2010.11.25"]
[SourceQuality "1"]

1. e4 e5 2. Nf3 Nc6 3. Bc4 Bc5 4. Nc3 d6 5. d3 Bg4 6. Be3 Nd4 7. Bxd4 Bxd4 8. 0-0 Bb6 9. h3 Bh5 10. Nd5 Nf6 11. Nxb6 axb6 12. Qe2 Qe7 13. Qe3 Nd7 14. a3 h6 15. b4 g5 16. c3 g4 17. hxg4 Bxg4 18. Nh2 Be6 19. Bxe6 fxe6 20. Nf3 0-0-0 21. a4 Nb8 22. b5 Rdg8 23. a5 bxa5 24. Rxa5 h5 25. Rfa1 h4 26. Qa7 Qg7 27. Ne1 c5 28. b6 Na6 1-0

[Event "GER-chT Lands U20"]
[Site "Dresden"]
[Date "2008.11.16"]
[Round "5.5"]
[White "Anker, Christin"]
[Black "Ohnmacht, Simon"]
[Result "1/2-1/2"]
[WhiteElo "1799"]
[BlackElo "1792"]
[PlyCount "41"]
[EventDate "2008.11.14"]
[EventType "team-swiss"]
[EventRounds "7"]
[EventCountry "GER"]
[SourceTitle "EXT 2010"]
[Source "ChessBase"]
[SourceDate "2010.11.25"]
[SourceVersion "1"]
[SourceVersionDate "2010.11.25"]
[SourceQuality "1"]
[WhiteTeam "Bayern Muenchen"]
[BlackTeam "Baden"]
[WhiteTeamCountry "GER"]
[BlackTeamCountry "GER"]

1. e4 c5 2. Nf3 Nc6 3. d4 cxd4 4. Nxd4 e5 5. Nb5 d6 6. N1c3 a6 7. Na3 b5 8. Nd5 Nf6 9. Bg5 Be7 10. Bxf6 Bxf6 11. c3 Ne7 12. Nxf6+ gxf6 13. c4 bxc4 14. Bxc4 f5 15. f3 fxe4 16. fxe4 Qa5+ 17. Kf1 Qb6 18. Bb3 Bd7 19. Qf3 0-0 20. h4 Ng6 21. h5 1/2-1/2

[Event "Baden-ch U14"]
[Site "Karlsruhe"]
[Date "2008.01.06"]
[Round "7"]
[White "Ohnmacht, Simon"]
[Black "Schmitz, Stefan"]
[Result "1-0"]
[WhiteElo "1745"]
[BlackElo "1767"]
[PlyCount "49"]
[EventDate "2008.01.02"]
[EventType "swiss"]
[EventRounds "7"]
[EventCountry "GER"]
[SourceTitle "EXT 2009"]
[Source "ChessBase"]
[SourceDate "2008.11.26"]
[SourceVersion "1"]
[SourceVersionDate "2008.11.26"]
[SourceQuality "1"]

1. d4 Nf6 2. c4 e5 3. dxe5 Ng4 4. Bf4 Nc6 5. Nf3 Qe7 6. Nc3 Qc5 7. e3 Qa5 8. Qd5 Bc5 9. h3 Nh6 10. Be2 Nf5 11. 0-0 Nfe7 12. Qd2 0-0 13. Nd5 Qxd2 14. Nxd2 Bb6 15. Nxb6 axb6 16. e6 d6 17. exf7+ Rxf7 18. a3 Ng6 19. Bg3 Nce7 20. Bf3 Nf5 21. Bd5 Nxg3 22. fxg3 Nh8 23. Rxf7 Nxf7 24. Rf1 Bd7 25. Rxf7 1-0

[Event "Baden-ch U14"]
[Site "Karlsruhe"]
[Date "2008.01.04"]
[Round "4"]
[White "Cofman, Veaceslav"]
[Black "Ohnmacht, Simon"]
[Result "0-1"]
[WhiteElo "1830"]
[BlackElo "1745"]
[PlyCount "132"]
[EventDate "2008.01.02"]
[EventType "swiss"]
[EventRounds "7"]
[EventCountry "GER"]
[SourceTitle "EXT 2009"]
[Source "ChessBase"]
[SourceDate "2008.11.26"]
[SourceVersion "1"]
[SourceVersionDate "2008.11.26"]
[SourceQuality "1"]

1. d4 d5 2. c4 e6 3. Nc3 Nf6 4. cxd5 exd5 5. Bg5 c6 6. e3 Be7 7. Bd3 h6 8. Bh4 Be6 9. Qb3 Qb6 10. Qc2 Nbd7 11. Nge2 g5 12. Bg3 Nh5 13. f4 Nxg3 14. Nxg3 gxf4 15. exf4 Qxd4 16. f5 Nc5 17. 0-0-0 Nxd3+ 18. Kb1 Nb4 19. Qe2 Qc4 20. Qe5 0-0-0 21. fxe6 d4 22. Nf5 Bc5 23. e7 Rde8 24. Nxd4 Bxe7 25. Qf5+ Kc7 26. Nf3 Qe6 27. Qa5+ Kb8 28. Qe5+ Qxe5 29. Nxe5 f6 30. Nf3 Rd8 31. Rhe1 Rxd1+ 32. Nxd1 Nd5 33. a3 Kc7 34. Ne3 Nxe3 35. Rxe3 Kd7 36. Kc2 Re8 37. Nd4 Bc5 38. Rxe8 Kxe8 39. Nf5 Bf8 40. Kd3 Kf7 41. Ke4 Kg6 42. Nd4 Bd6 43. Nf3 f5+ 44. Ke3 Kf6 45. Kd4 b6 46. a4 Bc5+ 47. Kc3 f4 48. b3 a5 49. Kd3 Kf5 50. Nd2 b5 51. Ne4 Bb4 52. Kd4 bxa4 53. bxa4 h5 54. Nf2 h4 55. Nd3 Ba3 56. h3 Bf8 57. Nf2 f3 58. gxf3 Kf4 59. Ne4 Kxf3 60. Ng5+ Kg3 61. Kc4 Be7 62. Nf7 Kxh3 63. Ne5 Bb4 64. Nf3 Kg3 65. Ng5 h3 66. Ne4+ Kg2 0-1

[Event "Baden-ch U14"]
[Site "Karlsruhe"]
[Date "2008.01.03"]
[Round "2"]
[White "Hermann, Rico"]
[Black "Ohnmacht, Simon"]
[Result "1/2-1/2"]
[WhiteElo "1745"]
[BlackElo "1745"]
[PlyCount "41"]
[EventDate "2008.01.02"]
[EventType "swiss"]
[EventRounds "7"]
[EventCountry "GER"]
[SourceTitle "EXT 2009"]
[Source "ChessBase"]
[SourceDate "2008.11.26"]
[SourceVersion "1"]
[SourceVersionDate "2008.11.26"]
[SourceQuality "1"]

1. e4 e5 2. Nf3 Nc6 3. d4 exd4 4. Nxd4 Bc5 5. Be3 Qf6 6. Nb5 Bxe3 7. fxe3 Kd8 8. N1c3 Nge7 9. Qd2 a6 10. Nd4 d6 11. Be2 Ne5 12. 0-0-0 N7c6 13. h3 Re8 14. g4 h6 15. Kb1 Bd7 16. Rdg1 Kc8 17. h4 Qd8 18. Nf5 Rg8 19. Nd5 Kb8 20. Qe1 Be6 21. Rh2 1/2-1/2

[Event "Baden-ch U14"]
[Site "Karlsruhe"]
[Date "2008.01.03"]
[Round "3"]
[White "Ohnmacht, Simon"]
[Black "Tiemann, Tobias"]
[Result "1/2-1/2"]
[WhiteElo "1745"]
[BlackElo "1686"]
[PlyCount "41"]
[EventDate "2008.01.02"]
[EventType "swiss"]
[EventRounds "7"]
[EventCountry "GER"]
[SourceTitle "EXT 2009"]
[Source "ChessBase"]
[SourceDate "2008.11.26"]
[SourceVersion "1"]
[SourceVersionDate "2008.11.26"]
[SourceQuality "1"]

1. d4 Nf6 2. c4 c5 3. d5 b5 4. b3 g6 5. Nd2 Bg7 6. Bb2 b4 7. e4 d6 8. f4 a5 9. Ngf3 a4 10. bxa4 Bd7 11. Bd3 Bxa4 12. Bc2 Bxc2 13. Qxc2 0-0 14. 0-0 Nbd7 15. e5 Ne8 16. Ne4 Nb6 17. a4 Ra5 18. Ra2 Qb8 19. Neg5 h6 20. e6 f5 21. Bxg7 1/2-1/2